| 000 | 01315nac a22003857a 4500 | ||
|---|---|---|---|
| 001 | BR0401121 | ||
| 003 | BR-BrBNA | ||
| 005 | 20240105122942.0 | ||
| 008 | 230509b bl.|||m| |||| 00| 0 por d | ||
| 040 |
_aBR-BrBNA _bpor _cBiblioteca Nacional de Agricultura |
||
| 072 | _aP33; F61 | ||
| 090 | _a0150 BR0401121 | ||
| 100 | 1 | _aAndrade, W.E. de B. | |
| 100 | 1 | _aAmorim Neto, S. | |
| 100 | 1 | _aSilva, J.A. da C. e | |
| 100 | 1 | _aSilva, V.R. da | |
| 110 | 1 | _aEmpresa de Pesquisa Agropecuária do Estado do Rio de Janeiro, Niterói (Brasil) | |
| 245 | 1 | _aAcúmulo e exportação de macro e micronutrientes pelos grãos de arroz em solo orgânico da região das baixadas litorâneas-RJ | |
| 260 | 3 |
_aNiterói, RJ (Brasil): _c2001. |
|
| 300 | _a5 p. | ||
| 490 |
_aComunicado Técnico - Empresa de Pesquisa Agropecuária do Estado do Rio de Janeiro (Brazil) _vno. 262 _xISSN 0100-896X |
||
| 650 | _aARROZ IRRIGADO | ||
| 650 | _aGRÃO | ||
| 650 | _aSOLO ORGÂNICO | ||
| 650 | _aPROPRIEDADE FÍSICO-QUÍMICA | ||
| 650 | _aMACROELEMENTO | ||
| 650 | _aMICROELEMENTO | ||
| 650 | _aMATÉRIA SECA | ||
| 650 | _aABSORÇÃO DE NUTRIENTES | ||
| 650 | _aTRANSPORTE DE NUTRIENTE | ||
| 650 | _aNPK | ||
| 650 | _aRIO DE JANEIRO | ||
| 909 |
_a202312 _bLúcia Elande _c55 _dLúcia Elande |
||
| 942 |
_2AGRIS _n0 _cMS |
||
| 999 |
_c293432 _d293432 |
||